000 00561nam a2200205Ia 4500
005 20260429112048.0
008 260429s9999||||xx |||||||||||||| ||und||
020 _a9781836591764
041 _aEnglish
082 _a338.479
_bBUT
100 _aButler, Alexandra
245 0 _aEco-tourism :
_bdevelopment management /
_cAlexandra Butler
250 _a1st ed.
260 _aLondon :
_bETP ED- Tech Press,
_c2025.
300 _aviii, 240 p.; hb
650 _a Sustainable tourism
650 _a Tourism management
650 _aEcotourism
942 _cTB
999 _c52153
_d52153